| 000 | 00470nam a22001691a 4500 | ||
|---|---|---|---|
| 001 | 10313 | ||
| 003 | OSt | ||
| 005 | 20260204212154.0 | ||
| 008 | 081027s1985||||dr ||||||b||||||||||spa|| | ||
| 050 | _aRD 335.47293 V522n | ||
| 100 | _aVega, Bernardo | ||
| 245 | _aNazismo, fascismo y folangismo en República Dominicana / Bernardo Vega | ||
| 264 | _aSanto Domingo : Amigo del Hogar | ||
| 300 | _a415 p | ||
| 650 | _aNarzismo - República DominicanaÌ | ||
| 942 |
_2ddc _cBK |
||
| 999 |
_c10313 _d10313 |
||